ბათუმის შოთა რუსთაველის სახელმწიფო უნივერსიტეტის ბიბლიოთეკა

История международных отношений Т.1. От вестфальского мира до окончания Первой мировой воины : (ბიბ.ჩანაწერი № 41267)

000 -LEADER
fixed length control field 01232nam a2200265Ia 4500
001 - CONTROL NUMBER
control field 7920
003 - CONTROL NUMBER IDENTIFIER
control field GE_BSU
005 - DATE AND TIME OF LATEST TRANSACTION
control field 20220930145558.0
008 - FIXED-LENGTH DATA ELEMENTS--GENERAL INFORMATION
fixed length control field 181216sru 2012xx |||||||||||||| ||rus||
020 ## - INTERNATIONAL STANDARD BOOK NUMBER
International Standard Book Number 9785756706710
040 ## - CATALOGING SOURCE
Transcribing agency GE_BSU
041 ## - LANGUAGE CODE
Language code of text/sound track or separate title rus
080 ## - UNIVERSAL DECIMAL CLASSIFICATION NUMBER
Universal Decimal Classification number 327.1(075.8) И-90
245 ## - TITLE STATEMENT
Title История международных отношений Т.1. От вестфальского мира до окончания Первой мировой воины :
Remainder of title От вестфальского мира до окончания Первой мировой воины /
Statement of responsibility, etc. А.В. Ревякин, Н.Ю. Васильева, Ред.Ревякин А.В.
264 ## - PRODUCTION, PUBLICATION, DISTRIBUTION, MANUFACTURE, AND COPYRIGHT NOTICE
Place of production, publication, distribution, manufacture Москва :
Name of producer, publisher, distributor, manufacturer Аспект Пресс,
Date of production, publication, distribution, manufacture, or copyright notice 2012.
300 ## - PHYSICAL DESCRIPTION
Extent 340 стр.:
Dimensions 24 см.
653 ## - INDEX TERM--UNCONTROLLED
keyword История международных отношений Т.1
653 ## - INDEX TERM--UNCONTROLLED
keyword От вестфальского мира до окончания Первой мировой воины
653 ## - INDEX TERM--UNCONTROLLED
keyword Политика
653 ## - INDEX TERM--UNCONTROLLED
keyword პოლიტიკა
700 ## - ADDED ENTRY--PERSONAL NAME
Personal name Ревякин,А.В.
9 (RLIN) 14933
700 ## - ADDED ENTRY--PERSONAL NAME
Personal name Васильева,Н.Ю.
9 (RLIN) 14934
700 ## - ADDED ENTRY--PERSONAL NAME
Personal name Ревякин, А.В.
Relator term რედაქტორი
9 (RLIN) 14935
942 ## - ADDED ENTRY ELEMENTS (KOHA)
Koha item type წიგნი
Source of classification or shelving scheme
ეგზემპლარები
Withdrawn status Lost status Source of classification or shelving scheme Damaged status Not for loan Permanent Location Current Location Shelving location Date acquired Cost, normal purchase price Full call number Barcode Date last seen Copy number Price effective from Koha item type Public note
          ბათუმის შოთა რუსთაველის სახელმწიფო უნივერსიტეტის მთავარი ბიბლიოთეკა ბათუმის შოთა რუსთაველის სახელმწიფო უნივერსიტეტის მთავარი ბიბლიოთეკა წიგნსაცავი 2018-12-17 40.00 327.1(075.8) И-90 24395 2018-12-17 24395 2018-12-17 წიგნი 40.00